Statistics for Biggest Cities By Letter - O

Click here to take the quiz!

General Stats

  • This quiz has been taken 154 times
  • The average score is 8 of 20

Answer Stats

PopulationCountryCity% Correct
899,000NorwayOslo
98%
17,175,000JapanOsaka
95%
948,000CanadaOttawa
89%
1,931,000United StatesOrlando
83%
1,010,000UkraineOdessa
77%
901,000United StatesOklahoma City
70%
2,193,000Burkina FasoOuagadougou
67%
732,000United StatesOmaha
53%
1,148,000RussiaOmsk
48%
480,000Czech RepublicOstrava
26%
650,000JapanOkayama
14%
540,000RussiaOrenburg
14%
556,000United StatesOgden
11%
908,000NigeriaOnitsha
11%
180,000United StatesOlympia
10%
369,000United StatesOxnard
7%
161,000United StatesOcala
6%
410,000JapanOita
5%
500,000NigeriaOyo
5%
775,000JapanOtsu
1%

Score Distribution

Percentile by Number Answered

Percent of People with Each Score

Your Score History

You have not taken this quiz